[Event "POL-chT U19 2nd League"]
[Site "Iwonicz"]
[Date "2015.08.01"]
[Round "8.68"]
[White "Szczapa, Piotr"]
[Black "Mrozowski, Patryk"]
[Result "0-1"]
[WhiteElo "1157"]
[BlackElo "1948"]
[PlyCount "46"]
[EventDate "2015.07.25"]
[EventType "team-swiss"]
[EventRounds "11"]
[EventCountry "POL"]
[SourceTitle "EXT 2019"]
[Source "ChessBase"]
[SourceDate "2018.10.10"]
[SourceVersion "1"]
[SourceVersionDate "2018.10.10"]
[SourceQuality "1"]
[WhiteTeam "Zielonka Zieloni U19"]
[BlackTeam "Krosno KKSz Urania U19"]
[WhiteTeamCountry "POL"]
[BlackTeamCountry "POL"]

1. e4 c5 2. Nc3 d6 3. f4 Nc6 4. Nf3 g6 5. Bc4 Bg7 6. d3 e6 7. 0-0 Nge7 8. Qe1 a6 9. a3 0-0 10. Qh4 Nd4 11. f5 Nec6 12. Bg5 f6 13. fxg6 hxg6 14. Nxd4 cxd4 15. Bh6 dxc3 16. bxc3 Ne5 17. Bb3 Nf7 18. Be3 Qa5 19. c4 Qh5 20. Qg3 f5 21. exf5 exf5 22. Rae1 Be6 23. d4 Rae8 0-1